Successful time management / (Record no. 37706)
[ view plain ]
| 000 -LEADER | |
|---|---|
| fixed length control field | 00861nam a2200289 a 4500 |
| 001 - CONTROL NUMBER | |
| control field | 37706 |
| 003 - CONTROL NUMBER IDENTIFIER | |
| rucl marc code | BD-RjUL |
| 005 - DATE AND TIME OF LATEST TRANSACTION | |
| control field | 20211209052634.0 |
| 008 - FIXED-LENGTH DATA ELEMENTS--GENERAL INFORMATION | |
| fixed length control field | 150208s2011 ii 001 0 eng |
| 020 ## - INTERNATIONAL STANDARD BOOK NUMBER | |
| International Standard Book Number | 9788184952407 |
| 035 ## - SYSTEM CONTROL NUMBER | |
| System control number | (BD-RjUL)37810 |
| 040 ## - CATALOGING SOURCE | |
| Original cataloging agency | ANL |
| Language of cataloging | eng |
| Modifying agency | ANL |
| -- | QPPL |
| -- | ANL |
| Transcribing agency | BD-RjUL |
| 041 ## - LANGUAGE CODE | |
| Language code of text/sound track or separate title | eng |
| 082 04 - DEWEY DECIMAL CLASSIFICATION NUMBER | |
| Classification number | 650.1 |
| Edition number | 22 |
| Author mark and year | ATS 2012 |
| 100 1# - MAIN ENTRY--PERSONAL NAME | |
| Personal name | Atkinson, Frank. |
| 9 (RLIN) | 115990 |
| 245 10 - TITLE STATEMENT | |
| Title | Successful time management / |
| Statement of responsibility, etc. | Frank Atkinson. |
| 246 34 - VARYING FORM OF TITLE | |
| Title proper/short title | Successful time management : |
| Remainder of title | get brilliant results fast |
| Title proper/short title | Time management |
| 260 ## - PUBLICATION, DISTRIBUTION, ETC. (IMPRINT) | |
| Place of publication, distribution, etc. | Delhi : |
| Name of publisher, distributor, etc. | Jaico Publishing House, |
| Date of publication, distribution, etc. | 2011 [impression 2012 |
| 300 ## - PHYSICAL DESCRIPTION | |
| Pagination | 208 p. ; |
| Size | 22 cm. |
| 490 1# - SERIES STATEMENT | |
| Series statement | Successful |
| 500 ## - GENERAL NOTE | |
| General note | Includes index. |
| 650 #0 - SUBJECT ADDED ENTRY--TOPICAL TERM | |
| Topical term or geographic name as entry element | Time management. |
| 9 (RLIN) | 115991 |
| Topical term or geographic name as entry element | Success in business. |
| 9 (RLIN) | 115606 |
| 830 #0 - SERIES ADDED ENTRY--UNIFORM TITLE | |
| Uniform title | Successful. |
| 942 ## - ADDED ENTRY ELEMENTS (KOHA) | |
| Source of classification or shelving scheme | Dewey Decimal Classification |
| Koha item type | Books |
| Lost status | Source of classification or shelving scheme | Damaged status | Not for loan | Collection code | Permanent Location | Current Location | Shelving location | Date acquired | Source of acquisition | Cost, normal purchase price | Total Checkouts | Full call number | Date last seen | Copy number | Koha item type |
|---|---|---|---|---|---|---|---|---|---|---|---|---|---|---|---|
| Dewey Decimal Classification | Not For Loan | Non-fiction | Central Library, University of Rajshahi | Central Library, University of Rajshahi | Reading Room | 23/07/2014 | Chittagong, Battighar | 475.00 | 650.1 ATS 2012 | 08/02/2015 | C-1 | Books |